| 000 | 00627nam a2200241Ia 4500 | ||
|---|---|---|---|
| 008 | 160803s9999 xx 000 0 und d | ||
| 020 | _a0 590062255 | ||
| 100 | _aMazer, Anne | ||
| 245 | 4 | _aThe salamander room / | |
| 245 | _cby Anne Mazer ; illustrated by Steve Johnson. | ||
| 250 | _aA Trumpet Club special edition. | ||
| 260 | _aNew York : | ||
| 260 | _bScholastic Inc. | ||
| 260 | _c1991 | ||
| 300 | _aunnumbered pages : | ||
| 300 | _bcolor illustrations ; | ||
| 300 | _c24 x 26 cm | ||
| 650 | _aEcology -- | ||
| 650 | _aSalamanders -- | ||
| 650 | _xFiction. | ||
| 650 | _xFiction. | ||
| 700 | _a660 | ||
| 999 |
_c298856 _d298856 |
||